000 01317cam a2200133 4500500
005 20260329023157.0
041 _afre
042 _adc
100 1 0 _aVanoye, Francis
_eauthor
245 0 0 _aL'adaptation littéraire au cinéma
260 _bArmand Colin,
_c2019.
520 _aL’adaptation cinématographique des œuvres littéraires soulève des questions d’ordre technique et esthétique. Mais c’est aussi une opération qui, au gré de succès et d’échecs variés, demeure problématique. S’appuyant sur la notion de travail, l’auteur interroge ce qui motive, dynamise ou contraint et limite les auteurs d’adaptation. L’adaptation sera donc envisagée comme vol ou détournement d’œuvre, puis comme jeu et comme tremplin pour la rêverie des cinéastes, enfin comme travail des formes cinématographiques et littéraires, lieu de rencontres parfois conflictuelles mais souvent fécondes entre cinéma et littérature. De nombreux exemples approfondissent ces questionnements, de l’Amérique recréée de J. Ford avec Cooper et Twain aux espaces cinématographiques de Kubrick ou Bertolucci ou aux fidélités/infidélités de Chabrol et Leconte à Simenon…
856 4 1 _uhttps://shs.cairn.info/l-adaptation-litteraire-au-cinema--9782200625511?lang=fr&redirect-ssocas=7080
999 _c1925263
_d1925263